000 00303nam a22001337a 4500
008 170529b xxu||||| |||| 00| 0 eng d
020 _a3800717972
041 _ager
080 _a621.38
100 _a27
101 _aIM
245 _aUMWELTSCHUTZ DURCH MIKTROELEKTRONIK
_cANGERER,G
942 _2udc
_cBK
999 _c14761
_d14761